Guess the person - Statistics

General Stats
  • This quiz has been taken 62 times
  • The average score is 6 of 16
Answer Stats
Picture Answer % Correct
MrBeast
86%
Sabrina Carpenter
84%
Jeffrey Epstein
83%
Kurt Cobain
64%
Melania Trump
62%
Max Verstappen
57%
Tom Brady
47%
Alfred Hitchcock
40%
Lily-Rose Depp
33%
Anthony Bourdain
28%
Uma Thurman
26%
David Fincher
7%
F. Scott Fitzgerald
5%
George Weah
2%
Kjell Magne Bondevik
0%
Vidkun Quisling
0%
No matching quizzes found
Score Distribution
Percent of People with Each Score
Percentile by Number Answered
Your Score History
You have not taken this quiz